Drawing With Pen and Ink : And a Word Concerning The Brush /

Uloženo v:
Podrobná bibliografie
Hlavní autor: Guptill, Arthur L. (autor)
Další autoři: Booth, Franklin (introducción) (introducción)
Médium: Kniha
Jazyk:angličtina
Vydáno: Nueva York, EUA : The Pencil Points Press, 1930, c1930
Témata:
Tagy: Přidat tag
Žádné tagy, Buďte první, kdo vytvoří štítek k tomuto záznamu!

MARC

LEADER 00000nam^a2200000^a^4500
001 000190967
005 20250521000000.0
009 20260310102510.149
037 |a Acervo ITESO - Biblioteca 
041 |a ING 
082 |a 741. 2  |b GUP 
100 |a Guptill, Arthur L.  |e (autor) 
245 1 0 |a Drawing With Pen and Ink :  |b And a Word Concerning The Brush /  |c A.L. Guptill ; introd. F. Booth. 
264 4 |a Nueva York, EUA :  |b The Pencil Points Press,  |c 1930, c1930 
300 |a 431 p. 
336 |a texto  |b txt  |2 rdacontenido 
337 |a sin mediación  |b n  |2 rdamedio 
338 |a volumen  |b nc  |2 rdasoporte 
649 |a XX 
650 |a Dibujo -  |x Materiales y Equipo 
650 |a Dibujo -  |x Técnica -  |x Tema Principal 
650 |a Dibujo -  |x Teoría 
650 |a Dibujo -  |x Historia y Crítica 
700 |a Booth, Franklin  |e (introducción) 
910 |a Fondo Julio de la Peña Lomelín 
920 |a Impresos - Libros 
930 |a Arquitectos Jaliscienses 
905 |a 115 
901 |a 0500134921  |b IT1  |c JAL  |u 20250521 
902 |a https://opac.biblio.iteso.mx/vufind/Record/000190967